[Event "AUTO-OPEN-2853"]
[Site "http://www.queenalice.com/game.php?id=1214188"]
[Date "2013.9.3"]
[Round "3"]
[White "gian_abramo"]
[Black "CCapivara"]
[Result "0-1"]
[WhiteElo "2025"]
[BlackElo "2027"]

1. e4 d6 2. d4 Nf6 3. Nc3 c6 4. Bc4 Qa5 5. Bd2 Qb6 6. Nf3 Bg4 7. d5 Nbd7 8. Be2
cxd5 9. exd5 g6 10. O-O Bg7 11. Rb1 O-O 12. h3 Bxf3 13. Bxf3 Rac8 14. Be3 Qa5
15. Qd2 Ne5 16. Be2 Nc4 17. Bxc4 Rxc4 18. Rfe1 b5 19. Bg5 b4 20. Ne2 Qxd5 21.
Qxd5 Nxd5 22. Nc1 Rxc2 23. Nd3 f6 24. Bf4 Nxf4 25. Nxf4 e5 26. Nd5 a5 27. a3 b3
28. Re3 Rb8 29. Nc3 Kf7 30. Na4 d5 31. Rc3 Rxc3 32. Nxc3 Ke6 33. Rd1 d4 34. Ne4
Rc8 35. Rd3 a4 36. Kf1 Rc1+ 37. Ke2 Kd5 38. Nc3+ Rxc3 39. bxc3 b2 40. Rd1 Kc4
41. cxd4 exd4 42. f4 Kb3 43. Rd3+ Ka2 44. Rd2 Kxa3 45. Rd3+ Kb4 46. Rxd4+ Kc5
0-1

[Event "AUTO-MASTER-1962"]
[Site "http://www.queenalice.com/game.php?id=1224146"]
[Date "2013.10.12"]
[Round "1"]
[White "Constante"]
[Black "gian_abramo"]
[Result "1-0"]
[WhiteElo "2170"]
[BlackElo "1989"]

1. e4 e5 2. Nf3 d6 3. d4 Bg4 4. c3 Be7 5. Be2 Nd7 6. h3 Bxf3 7. Bxf3 Ngf6 8. O-O
O-O 9. Re1 c6 10. Nd2 Qc7 11. Nc4 b5 12. Ne3 g6 13. Nc2 a5 14. a3 Rfd8 15. Bg5
Kg7 16. Qd2 Ng8 17. Be3 Nb6 18. Qe2 Nc4 19. a4 Nxe3 20. Nxe3 Rab8 21. axb5 cxb5
22. Nd5 Qa7 23. Nb4 Qc7 24. Na6 Qc4 25. Nxb8 Rxb8 26. Rxa5 1-0

[Event "AUTO-MASTER-1962"]
[Site "http://www.queenalice.com/game.php?id=1224147"]
[Date "2013.10.12"]
[Round "1"]
[White "gian_abramo"]
[Black "Constante"]
[Result "1-0"]
[WhiteElo "2000"]
[BlackElo "2163"]

1. e4 c5 2. Nc3 e6 3. f4 Ne7 4. Nf3 Nec6 5. g3 Nd4 6. d3 Nbc6 7. Bg2 Be7 8. O-O
O-O 9. Ne2 Qb6 10. c3 Nb5 11. Be3 d6 12. Rb1 Qd8 13. g4 e5 14. f5 h6 15. Ng3 Nc7
16. Qd2 f6 17. Bxh6 gxh6 18. Qxh6 Rf7 19. Nh5 Bf8 20. Qg6+ Bg7 21. g5 Ne7 22.
Nxf6+ Rxf6 23. Qh5 Rf7 24. f6 Ne6 25. Nh4 Nf4 26. Rxf4 exf4 27. Rf1 Qf8 28. Rxf4
Bxf6 29. gxf6 Rxf6 30. Qg5+ Qg7 31. Qxf6 Bd7 32. Qxg7+ Kxg7 33. Nf5+ Nxf5 34.
exf5 Kf6 35. Bxb7 Rb8 36. Be4 Rxb2 37. Rf2 Rb1+ 38. Kg2 Rb8 39. h4 Rg8+ 40. Kh3
Rg6 41. h5 Rh6 42. Kh4 Be8 43. Bf3 Bf7 44. c4 a6 45. Rb2 Kxf5 46. Rf2 Ke5 47.
Bg4 Bg6 48. Kg5 Bxh5 49. Bxh5 Rh8 50. Rf5+ Kd4 51. Rd5+ Kc3 52. Rxd6 a5 53. Bg6
Rh2 54. a4 Rd2 55. Ra6 Kb4 56. Rc6 Ra2 57. Rb6+ Kc3 58. Rc6 Rxa4 59. Rxc5 Ra1
60. Rc8 a4 61. c5 a3 62. Ra8 Rg1+ 63. Kf6 Kb2 64. Bf7 Rf1+ 65. Ke7 Re1+ 66. Kd6
Rd1 67. Bc4 a2 68. Rxa2+ Kc3 69. Ba6 Kb3 70. Rh2 Ra1 71. Bb5 Kb4 72. Kc6 Rc1 73.
d4 Rb1 74. d5 Rc1 75. Rh4+ Ka3 76. d6 Kb3 77. d7 Rd1 78. Ba4+ 1-0

[Event "AUTO-MASTER-1962"]
[Site "http://www.queenalice.com/game.php?id=1224158"]
[Date "2013.10.12"]
[Round "1"]
[White "gedalias"]
[Black "gian_abramo"]
[Result "1/2-1/2"]
[WhiteElo "1947"]
[BlackElo "1983"]

1. d4 Nf6 2. Nf3 g6 3. Nc3 Bg7 4. e4 d6 5. Bb5+ c6 6. Bc4 O-O 7. O-O Bg4 8. h3
Bxf3 9. Qxf3 Nbd7 10. Bg5 Qc7 11. Rfe1 e5 12. dxe5 dxe5 13. Rad1 h6 14. Be3 b5
15. Bb3 Rad8 16. a3 Nb6 17. Bxh6 Bxh6 18. Qxf6 Bg7 19. Qh4 Rd7 20. Rxd7 Nxd7 21.
Qe7 Bf6 22. Qb4 a5 23. Nxb5 cxb5 24. Qxb5 Rb8 25. Qd5 Nc5 26. Re3 Nxb3 27. Rc3
Qe7 28. cxb3 Qd8 29. Qc5 Rxb3 30. Rxb3 Qd1+ 31. Kh2 Qxb3 32. Qxa5 Qxb2 33. Qa7
Bh4 34. g3 Bf6 35. a4 Qd4 36. Qa8+ Kg7 37. Kg2 Be7 38. Qd5 Qxd5 39. exd5 Kf6 40.
Kf3 Bc5 41. g4 Ke7 42. h4 Kd6 43. Ke4 Bxf2 44. h5 f5+ 45. gxf5 gxh5 46. f6 Bh4
47. f7 Be7 48. a5 h4 49. a6 h3 50. Kf3 e4+ 51. Kg3 e3 52. a7 e2 53. Kf2 e1=Q+
54. Kxe1 h2 55. a8=Q h1=Q+ 56. Kf2 Bh4+ 1/2-1/2

[Event "AUTO-MASTER-1962"]
[Site "http://www.queenalice.com/game.php?id=1224159"]
[Date "2013.10.12"]
[Round "1"]
[White "gian_abramo"]
[Black "gedalias"]
[Result "1-0"]
[WhiteElo "1970"]
[BlackElo "1975"]

1. e4 c5 2. Nc3 Nc6 3. f4 e6 4. Nf3 d6 5. g3 g6 6. Bg2 Bg7 7. O-O Nge7 8. d3 Nd4
9. Ne2 Nxe2+ 10. Qxe2 O-O 11. Rb1 Nc6 12. c3 b6 13. Be3 Bb7 14. g4 d5 15. f5 d4
16. Bd2 exf5 17. gxf5 dxc3 18. bxc3 Ne5 19. Nxe5 Bxe5 20. Bh6 Qh4 21. Bxf8 Bxh2+
22. Kh1 Bg3+ 23. Bh3 Qxh3+ 24. Kg1 Rxf8 25. f6 g5 26. Rf3 Qh4 27. Rb2 g4 28. Rf5
Bc8 29. Rd5 Be6 30. Qe3 Bxd5 31. exd5 Bd6 32. Rg2 g3 33. Qf3 Qf4 34. Qxf4 Bxf4
35. Re2 Bd6 36. Re4 h6 37. Kg2 Kh7 38. Re7 Bxe7 39. fxe7 Kg7 40. d6 f5 41. d7 a6
42. exf8=Q+ 1-0

[Event "AUTO-MASTER-1962"]
[Site "http://www.queenalice.com/game.php?id=1224166"]
[Date "2013.10.12"]
[Round "1"]
[White "gian_abramo"]
[Black "chein"]
[Result "0-1"]
[WhiteElo "1986"]
[BlackElo "2299"]

1. e4 c5 2. Nc3 Nc6 3. f4 g6 4. Bc4 Bg7 5. Nf3 e6 6. O-O Nge7 7. d3 d5 8. Bb3
O-O 9. Qe1 a6 10. a4 b6 11. Rb1 Bb7 12. Bd2 Nd4 13. Qh4 c4 14. Ba2 cxd3 15. cxd3
Nxf3+ 16. Rxf3 dxe4 17. Nxe4 Bxe4 18. dxe4 Qxd2 19. Qxe7 Rfc8 20. Qb7 Bd4+ 21.
Kh1 Rc2 22. Qxa8+ Kg7 23. Rg1 Qxg2+ 0-1

[Event "AUTO-MASTER-1962"]
[Site "http://www.queenalice.com/game.php?id=1224167"]
[Date "2013.10.12"]
[Round "1"]
[White "chein"]
[Black "gian_abramo"]
[Result "1-0"]
[WhiteElo "2120"]
[BlackElo "1980"]

1. e4 e5 2. f4 d5 3. exd5 e4 4. d3 Nf6 5. dxe4 Nxe4 6. Nf3 Bc5 7. Qe2 Bf2+ 8.
Kd1 Qxd5+ 9. Nfd2 Bf5 10. Nc3 Qd7 11. Nxe4 Bg4 12. Nf6+ Kf8 13. Nxd7+ 1-0

[Event "AUTO-MASTER-2105"]
[Site "http://www.queenalice.com/game.php?id=1288535"]
[Date "2014.6.15"]
[Round "1"]
[White "clovis"]
[Black "gian_abramo"]
[Result "0-1"]
[WhiteElo "1968"]
[BlackElo "1966"]

1. e4 e5 2. Bc4 d6 3. Nf3 Bg4 4. Nc3 c6 5. d4 Nd7 6. dxe5 dxe5 7. Qd3 Ngf6 8.
O-O Be7 9. Bg5 O-O 10. Rad1 Qc7 11. h3 Bh5 12. Kh2 Rad8 13. g4 Bg6 14. Qe2 Nc5
15. Nh4 Rd4 16. Bd3 Nd5 17. exd5 e4+ 18. Kg2 Bxg5 19. Nxg6 exd3 20. cxd3 fxg6
21. b4 Rxb4 22. d4 Nd7 23. Qe6+ Kh8 24. d6 Qd8 25. Ne4 Bf6 26. g5 Bxd4 27. Rd2
Nc5 28. Nxc5 Bxc5 29. d7 Qxg5+ 0-1

[Event "AUTO-MASTER-2105"]
[Site "http://www.queenalice.com/game.php?id=1288536"]
[Date "2014.6.15"]
[Round "1"]
[White "gian_abramo"]
[Black "clovis"]
[Result "0-1"]
[WhiteElo "1982"]
[BlackElo "1986"]

1. e4 e5 2. Nf3 Nc6 3. Bc4 Nf6 4. Ng5 d5 5. exd5 Na5 6. Bb5+ c6 7. dxc6 bxc6 8.
Be2 h6 9. Nh3 Bd6 10. Nc3 O-O 11. d3 c5 12. Bd2 Re8 13. Ne4 Nc6 14. Nxf6+ Qxf6
15. Bg4 Nd4 16. Bxc8 Raxc8 17. O-O Qh4 18. c3 Ne6 19. Qa4 Qxa4 0-1

[Event "AUTO-MASTER-2105"]
[Site "http://www.queenalice.com/game.php?id=1288547"]
[Date "2014.6.15"]
[Round "1"]
[White "AfeuLira"]
[Black "gian_abramo"]
[Result "0-1"]
[WhiteElo "2121"]
[BlackElo "1982"]

1. b3 e5 2. Bb2 Nc6 3. Nc3 d5 4. e3 Nf6 5. Bb5 Bb4 6. Nge2 O-O 7. O-O Bg4 8. f3
Bd7 9. Qe1 a6 10. Bxc6 Bxc6 11. a3 Bc5 12. b4 Ba7 13. Kh1 Re8 14. Ng3 Qd7 15.
Qf2 Rad8 16. Nce2 d4 17. exd4 exd4 18. d3 Ba4 19. Rac1 c5 20. Ne4 Qe7 21. bxc5
Nxe4 22. fxe4 Bxc5 23. Nf4 Bc6 24. Nh5 Rf8 25. Qg3 f6 26. Rf2 Bd6 27. Qh4 Qe5
28. Rcf1 Be8 29. Ng3 Bg6 30. Bc1 Qe7 31. Nf5 Bxf5 32. Rxf5 Bxa3 33. Bd2 b5 34.
g4 Bb4 35. Bc1 Rc8 36. g5 fxg5 37. Bxg5 Qd6 38. Qg4 Rxf5 39. Rxf5 Rxc2 40. Rd5
Qxh2# 0-1

[Event "AUTO-MASTER-2105"]
[Site "http://www.queenalice.com/game.php?id=1288548"]
[Date "2014.6.15"]
[Round "1"]
[White "gian_abramo"]
[Black "AfeuLira"]
[Result "0-1"]
[WhiteElo "2004"]
[BlackElo "2111"]

1. e4 e5 2. Nf3 d6 3. Bc4 h6 4. d4 exd4 5. Nxd4 Nf6 6. Nc3 Be7 7. O-O O-O 8. Be3
Bd7 9. h3 Nc6 10. Qd2 Nxd4 11. Bxd4 Re8 12. Rfe1 a6 13. Nd5 Nxd5 14. Bxd5 c6 15.
Bb3 Bf6 16. c3 Bxd4 17. cxd4 Qf6 18. Rad1 Be6 19. Bxe6 fxe6 20. Qb4 Qe7 21. Rd3
d5 22. Qxe7 Rxe7 23. exd5 cxd5 24. Rde3 Kf7 25. Rc1 Rae8 26. Rec3 e5 27. dxe5
Rxe5 28. Rc7+ R8e7 29. R1c2 Rxc7 30. Rxc7+ Re7 31. Rc5 Ke6 32. Kf1 Ke5 33. f3 g5
34. Kf2 h5 35. Rc2 Kd6 36. g3 d4 37. Re2 Rxe2+ 38. Kxe2 Kd5 39. Kd3 b5 40. b4
Ke5 41. a3 h4 42. f4+ gxf4 43. gxh4 f3 44. h5 Kf5 45. h4 Kf6 46. Kd2 Kg7 47. Ke1
d3 48. Kd2 f2 0-1

[Event "AUTO-MASTER-2105"]
[Site "http://www.queenalice.com/game.php?id=1288553"]
[Date "2014.6.15"]
[Round "1"]
[White "Diego_Silveira"]
[Black "gian_abramo"]
[Result "1-0"]
[WhiteElo "2081"]
[BlackElo "1992"]

1. Nf3 Nf6 2. g3 g6 3. Bg2 Bg7 4. c4 O-O 5. d4 d6 6. Nc3 Nc6 7. e4 e5 8. d5 Ne7
9. O-O Nh5 10. Ne1 f5 11. f4 exf4 12. gxf4 Bd7 13. Be3 Nf6 14. e5 Ng4 15. Bd4 g5
16. e6 Be8 17. Bxg7 Kxg7 18. Qd4+ Kg8 19. fxg5 Ng6 20. Nf3 N6e5 21. h4 h6 22.
gxh6 Nxh6 23. Nxe5 dxe5 24. Qxe5 Qxh4 25. Rf3 Ng4 26. Qxc7 f4 27. Rh3 Qf2+ 28.
Kh1 Bg6 29. Rf1 Qc2 30. Rhf3 Ne3 31. R3f2 Qd3 32. Rf3 Bf5 33. Qxf4 Qxf1+ 34.
Rxf1 Nxg2 35. Qg5+ Kh8 36. Rxf5 1-0

[Event "AUTO-MASTER-2105"]
[Site "http://www.queenalice.com/game.php?id=1288554"]
[Date "2014.6.15"]
[Round "1"]
[White "gian_abramo"]
[Black "Diego_Silveira"]
[Result "1-0"]
[WhiteElo "1980"]
[BlackElo "2081"]

1. e4 c6 2. Nc3 d5 3. d3 e5 4. g3 Nf6 5. Bg2 Bb4 6. Bd2 O-O 7. a3 Ba5 8. b4 Bb6
9. Nf3 Re8 10. O-O Bg4 11. h3 Bh5 12. Qe1 d4 13. Ne2 Nbd7 14. g4 Bg6 15. Ng3 c5
16. b5 a6 17. bxa6 Rxa6 18. g5 Nh5 19. Nh2 Nf4 20. h4 f6 21. Nf3 Nxg2 22. Kxg2
Bc7 23. h5 Bf7 24. h6 Kh8 25. Rh1 g6 26. gxf6 Nxf6 27. Bg5 Qd6 28. Bd2 Rea8 29.
Ng5 Bg8 30. Rb1 b6 31. Bc1 Qc6 32. Nf1 b5 33. Nh2 c4 34. Qb4 Bd6 35. Qxb5 Qxb5
36. Rxb5 cxd3 37. cxd3 Rc6 38. Rb7 Rc3 39. Nf7+ Bxf7 40. Rxf7 Rf8 41. Rxf8+ Bxf8
42. Bg5 Nd7 43. Ng4 Bd6 44. Rh3 Rxa3 45. Rf3 Kg8 46. Bf6 Nxf6 47. Rxf6 Bc7 48.
Rc6 Rc3 49. Ra6 Rxd3 50. Ra8+ Kf7 51. Rh8 Ke6 52. Rxh7 Bd8 53. Rb7 1-0

[Event "AUTO-MASTER-2221"]
[Site "http://www.queenalice.com/game.php?id=1332569"]
[Date "2015.1.4"]
[Round "1"]
[White "Gosiulkaa"]
[Black "gian_abramo"]
[Result "1/2-1/2"]
[WhiteElo "1885"]
[BlackElo "2041"]

1. e4 e5 2. Nf3 d6 3. d4 Bg4 4. Be2 Nd7 5. dxe5 dxe5 6. h3 Bxf3 7. Bxf3 Ngf6 8.
Bg5 Be7 9. O-O O-O 10. Nc3 c6 11. Qe2 Qc7 12. Rad1 Nc5 13. Bxf6 Bxf6 14. b4 Ne6
15. Bg4 Nd4 16. Qc4 b5 17. Qd3 Rad8 18. Rd2 Nf3+ 19. Qxf3 Rxd2 20. Qe3 Rfd8 21.
Bd1 Be7 22. a3 c5 23. Nd5 R8xd5 24. exd5 Rxd5 25. Bf3 Rd4 26. c3 Rd8 27. Re1 f6
28. Bg4 Qd6 29. Rd1 Qc7 30. Rxd8+ Qxd8 31. bxc5 Qd5 32. c6 Qxc6 33. Qxa7 Bd6 34.
Be6+ Kh8 35. Qf7 Qa8 36. Bd5 Qf8 37. Qb7 Bxa3 38. Qxb5 h6 39. c4 Bc5 40. Qd7 Qe7
41. Qc8+ Qf8 42. Qf5 Be7 43. Be4 Qg8 44. f4 exf4 45. Bd5 Qf8 46. Qxf4 Bd6 47.
Qf5 Qe8 48. Kf1 Bg3 49. Be4 Qg8 50. Ke2 Bh4 51. c5 Qc4+ 52. Bd3 Qa2+ 53. Kf1
Qa1+ 54. Ke2 Qe1+ 55. Kf3 Qf2+ 56. Ke4 Qxg2+ 57. Kd4 Qf2+ 58. Kd5 Qxf5+ 59. Bxf5
Kg8 60. Bg6 Kf8 61. Ke6 Bg3 62. c6 h5 63. Bxh5 Be5 64. Bg6 Bg3 65. Kd7 f5 66.
Bxf5 g5 67. c7 Bxc7 68. Kxc7 Kg7 69. Kd7 Kh8 70. Ke7 Kg7 71. Ke6 Kh8 72. Kf6 Kg8
73. Kxg5 Kg7 74. h4 Kh8 75. Kh6 Kg8 76. Be6+ Kh8 77. h5 1/2-1/2

[Event "AUTO-MASTER-2221"]
[Site "http://www.queenalice.com/game.php?id=1332570"]
[Date "2015.1.4"]
[Round "1"]
[White "gian_abramo"]
[Black "Gosiulkaa"]
[Result "1-0"]
[WhiteElo "2023"]
[BlackElo "1974"]

1. e4 e5 2. Nf3 d6 3. Bc4 Nf6 4. Ng5 d5 5. exd5 Nxd5 6. Nxf7 Kxf7 7. Qf3+ Ke8 8.
Bxd5 Qf6 9. Bxb7 Qxf3 10. Bxf3 c6 11. O-O Bd6 12. Nc3 Bf5 13. d3 Kf7 14. Bg5 h6
15. Be3 Bb4 16. Ne4 Nd7 17. c3 Ba5 18. Nd6+ Ke6 19. Nxf5 Nf6 20. Nxg7+ 1-0

[Event "AUTO-MASTER-2221"]
[Site "http://www.queenalice.com/game.php?id=1332581"]
[Date "2015.1.4"]
[Round "1"]
[White "areis"]
[Black "gian_abramo"]
[Result "0-1"]
[WhiteElo "1954"]
[BlackElo "2028"]

1. d4 Nf6 2. Nf3 g6 3. Bf4 Bg7 4. e3 O-O 5. Be2 d6 6. h3 Nc6 7. Nbd2 Nh5 8. Bh2
f5 9. O-O e5 10. dxe5 dxe5 11. c3 Qe7 12. Nc4 f4 13. exf4 Nxf4 14. Bxf4 Rxf4 15.
b3 e4 16. Nd4 Nxd4 17. cxd4 Qg5 18. Kh2 Be6 19. Ne3 Rd8 20. Bc4 Bxc4 21. bxc4
Be5 22. Kg1 Bxd4 23. Qb3 Bxa1 24. Rxa1 b6 25. c5+ Kg7 26. Qc3+ Qf6 27. Qxf6+
Rxf6 28. Rc1 Rd2 29. cxb6 cxb6 30. Rc7+ Rf7 31. Rxf7+ Kxf7 32. Nc4 Rxa2 33. Nd6+
Kg7 34. Nxe4 Ra1+ 35. Kh2 a5 36. Nc3 a4 37. Kg3 Ra3 0-1

[Event "AUTO-MASTER-2221"]
[Site "http://www.queenalice.com/game.php?id=1332582"]
[Date "2015.1.4"]
[Round "1"]
[White "gian_abramo"]
[Black "areis"]
[Result "1-0"]
[WhiteElo "2037"]
[BlackElo "1948"]

1. e4 e6 2. Nc3 Nf6 3. f4 Bb4 4. d3 O-O 5. Bd2 c6 6. Nf3 d5 7. e5 Nfd7 8. g3 g6
9. Bg2 Kg7 10. h4 h5 11. g4 hxg4 12. Ng5 Nb6 13. Qxg4 Rh8 14. h5 Be7 15. O-O-O
Bxg5 16. fxg5 Qe7 17. hxg6 fxg6 18. Rxh8 Kxh8 19. Rh1+ Kg8 20. Rh6 Qg7 21. Ne4
dxe4 22. Bxe4 Qf7 23. Rxg6+ 1-0

[Event "AUTO-MASTER-2221"]
[Site "http://www.queenalice.com/game.php?id=1332587"]
[Date "2015.1.4"]
[Round "1"]
[White "Modaste"]
[Black "gian_abramo"]
[Result "1-0"]
[WhiteElo "2175"]
[BlackElo "2049"]

1. d4 Nf6 2. c4 g6 3. Nc3 Bg7 4. Nf3 O-O 5. Bf4 d6 6. e3 Nc6 7. Be2 Nh5 8. Bg3
f5 9. Nd2 Nf6 10. h4 e5 11. d5 Ne7 12. h5 g5 13. f4 exf4 14. exf4 g4 15. h6 Bh8
16. Qc2 Qe8 17. Nb5 Qd8 18. Bd3 c6 19. dxc6 Nxc6 20. a3 a6 21. Nc3 Qe7+ 22. Kf1
Qe3 23. Ne2 Nd4 24. Nxd4 Qxg3 25. Nxf5 Qxf4+ 26. Ke1 Bxf5 27. Bxf5 g3 28. Be6+
Rf7 29. Bxf7+ Kxf7 30. Kd1 Ng4 31. Qxh7+ Kf6 32. Rf1 Nf2+ 33. Kc2 b5 34. Rae1
Qf5+ 35. Ne4+ 1-0

[Event "AUTO-MASTER-2221"]
[Site "http://www.queenalice.com/game.php?id=1332588"]
[Date "2015.1.4"]
[Round "1"]
[White "gian_abramo"]
[Black "Modaste"]
[Result "0-1"]
[WhiteElo "2038"]
[BlackElo "2196"]

1. e4 c5 2. Nc3 e6 3. g3 Nc6 4. Bg2 Nf6 5. f4 d5 6. d3 Be7 7. Bd2 dxe4 8. dxe4
O-O 9. Nf3 b6 10. O-O Bb7 11. h3 Nd4 12. Ne2 Nxf3+ 13. Bxf3 Nxe4 14. Bxe4 Bxe4
15. Nc3 Bc6 16. Qe1 Qc7 17. Kh2 Rad8 18. Rd1 Rd7 19. Bc1 Rfd8 20. Qe2 Qb7 21.
Rxd7 Rxd7 22. Rd1 Bf6 23. Rxd7 Qxd7 24. Ne4 Qd5 25. Nxf6+ gxf6 26. Qf1 Qxa2 27.
f5 e5 28. Bh6 Qxb2 29. Qe2 Qd4 30. c3 Qe4 31. Qf1 a5 32. g4 a4 33. Kg3 a3 34.
Kh4 c4 35. Qf2 Be8 36. Qxb6 Qe1+ 37. Kh5 Qxc3 38. h4 a2 39. Qxf6 e4 40. Qxc3 f6#
0-1

[Event "AUTO-MASTER-2286"]
[Site "http://www.queenalice.com/game.php?id=1355386"]
[Date "2015.4.23"]
[Round "1"]
[White "gothic2014"]
[Black "gian_abramo"]
[Result "1-0"]
[WhiteElo "2139"]
[BlackElo "2042"]

1. d4 Nf6 2. c4 g6 3. Nc3 Bg7 4. e4 d6 5. h3 O-O 6. Bg5 Nc6 7. d5 Ne5 8. f4 Ned7
9. Bd3 h6 10. Bh4 Nc5 11. Nge2 Bd7 12. Bc2 c6 13. Qd4 Nfxe4 14. Qe3 Nf6 15. dxc6
bxc6 16. b4 Nb7 17. Rb1 Re8 18. Qf3 e5 19. fxe5 dxe5 20. O-O g5 21. Be1 Nd6 22.
c5 Nb5 23. Ne4 Nxe4 24. Qxf7+ Kh8 25. Qg6 Be6 26. Bxe4 Bg8 27. Rf7 1-0

[Event "AUTO-MASTER-2286"]
[Site "http://www.queenalice.com/game.php?id=1355387"]
[Date "2015.4.23"]
[Round "1"]
[White "gian_abramo"]
[Black "gothic2014"]
[Result "1/2-1/2"]
[WhiteElo "2040"]
[BlackElo "2205"]

1. e4 e6 2. d4 d5 3. Nc3 Bb4 4. Bd3 dxe4 5. Bxe4 Nf6 6. Bd3 c5 7. dxc5 Nbd7 8.
c6 bxc6 9. Ne2 Qc7 10. Bf4 e5 11. Bg3 O-O 12. O-O Rb8 13. Ne4 Nxe4 14. Bxe4 Nf6
15. Bd3 Rd8 16. Qc1 Be7 17. Re1 Nd5 18. c4 Nb4 19. Bb1 f6 20. f4 exf4 21. Nxf4
Bd6 22. a3 Na6 23. b4 Be5 24. Ra2 Qf7 25. Rae2 Bg4 26. Rd2 Rxd2 27. Qxd2 Re8 28.
c5 Qd7 29. Qc2 g5 30. Nd3 Bxg3 31. Rxe8+ Qxe8 32. hxg3 Be6 33. Nf2 Qe7 34. Ne4
Nb8 35. Nxf6+ Qxf6 36. Qxh7+ Kf8 37. Qxa7 Qe5 38. Kh2 Nd7 39. Qa8+ Ke7 40. Qxc6
Nf6 41. Qd6+ Qxd6 42. cxd6+ Kxd6 43. a4 Nd5 44. b5 Nc3 45. Bc2 Kc5 46. Kg1 Bd5
47. g4 Kb4 48. Kf2 Nxa4 49. Ke3 1/2-1/2

[Event "AUTO-MASTER-2286"]
[Site "http://www.queenalice.com/game.php?id=1355398"]
[Date "2015.4.23"]
[Round "1"]
[White "Spessatto"]
[Black "gian_abramo"]
[Result "0-1"]
[WhiteElo "1881"]
[BlackElo "2030"]

1. d4 Nf6 2. Nf3 g6 3. h3 Bg7 4. Bf4 O-O 5. e3 d6 6. c3 Nc6 7. Bc4 Nh5 8. Bh2 e5
9. dxe5 Nxe5 10. Nxe5 Bxe5 11. O-O Be6 12. Be2 Ng7 13. Bxe5 dxe5 14. Nd2 Qd7 15.
Qc1 Bxh3 16. gxh3 Qxh3 17. f4 Qg3+ 18. Kh1 Qxe3 19. Qe1 Nf5 20. Nf3 exf4 21. Kg2
Rfe8 22. Bc4 Qc5 23. Bxf7+ Kxf7 24. Qd2 Ne3+ 25. Kh2 Qh5+ 26. Kg1 Nxf1 27. Rxf1
Rad8 28. Qxf4+ Kg8 29. Ng5 Rf8 30. Qc4+ Kh8 31. Nf7+ Rxf7 32. Qxf7 Qc5+ 33. Rf2
Rd1+ 34. Kg2 Qd5+ 35. Qxd5 Rxd5 36. Rf7 Rd2+ 37. Kf3 Rxb2 38. Rxc7 Rxa2 39. Rxb7
Ra3 40. Rc7 a5 41. Kg4 Ra1 42. Kg5 Rg1+ 43. Kh6 Rh1+ 44. Kg5 Kg8 45. Kf6 Rf1+
46. Kg5 a4 47. Ra7 Rf5+ 48. Kh6 Rh5# 0-1

[Event "AUTO-MASTER-2286"]
[Site "http://www.queenalice.com/game.php?id=1355399"]
[Date "2015.4.23"]
[Round "1"]
[White "gian_abramo"]
[Black "Spessatto"]
[Result "1-0"]
[WhiteElo "2030"]
[BlackElo "1939"]

1. e4 e5 2. Nf3 Nc6 3. Bc4 Bc5 4. d3 d6 5. O-O h6 6. Be3 Nd4 7. c3 Nxf3+ 8. Qxf3
Nf6 9. Bxc5 dxc5 10. Rd1 Bg4 11. Qg3 Bxd1 12. Qxe5+ Qe7 13. Qf4 O-O 14. Nd2 Ba4
15. Nf3 b5 16. Bb3 Bxb3 17. axb3 Qd6 18. e5 Nh5 19. Qf5 Qg6 20. Qd7 Nf4 21. g3
Rad8 22. Qxb5 Rxd3 23. Qxc5 Rfd8 24. Nd4 Rd2 25. Qxc7 R8xd4 26. cxd4 Rxb2 27. h4
Rxb3 28. e6 Nxe6 29. Qc8+ Kh7 30. Rxa7 Qg4 31. Ra8 Qh3 32. Qc2+ Qf5 33. Qxf5+
1-0

[Event "AUTO-MASTER-2286"]
[Site "http://www.queenalice.com/game.php?id=1355404"]
[Date "2015.4.23"]
[Round "1"]
[White "Bruscato"]
[Black "gian_abramo"]
[Result "1-0"]
[WhiteElo "2007"]
[BlackElo "2048"]

1. d4 Nf6 2. Nc3 g6 3. e4 d6 4. f4 Nc6 5. e5 dxe5 6. fxe5 Nd5 7. Ne4 Bf5 8. Ng3
Bd7 9. c4 Nb6 10. Nf3 Bg7 11. Be3 O-O 12. Rc1 Bg4 13. Be2 e6 14. b3 Ne7 15. h3
Bxf3 16. Bxf3 c6 17. Ne4 Nf5 18. Bf2 Nc8 19. O-O Qa5 20. Qc2 Rd8 21. Rfd1 h6 22.
Nc5 Qc7 23. g4 Nfe7 24. Ne4 Kh7 25. Rd3 g5 26. Bg3 Ng6 27. Kh2 Qe7 28. Rf1 f5
29. exf6 Bxf6 30. Nxf6+ Qxf6 31. Be2 Qg7 32. Rdf3 Rf8 33. Rxf8 1-0

[Event "AUTO-MASTER-2286"]
[Site "http://www.queenalice.com/game.php?id=1355405"]
[Date "2015.4.23"]
[Round "1"]
[White "gian_abramo"]
[Black "Bruscato"]
[Result "1-0"]
[WhiteElo "2035"]
[BlackElo "1970"]

1. e4 e6 2. Nc3 c5 3. g3 d6 4. Bg2 Nf6 5. d3 Be7 6. f4 O-O 7. Nf3 Nc6 8. O-O Bd7
9. Bd2 Rc8 10. h3 a6 11. g4 Ne8 12. f5 exf5 13. exf5 Bf6 14. g5 Be5 15. Nh4 b5
16. Bd5 b4 17. Qh5 g6 18. fxg6 1-0